[Event "Saratov Regional-ch"]
[Site "Saratov"]
[Date "2014.12.14"]
[Round "9"]
[White "Brekhov, Denis"]
[Black "Gagarkine, Nikolay"]
[Result "1-0"]
[WhiteElo "1949"]
[BlackElo "1838"]
[PlyCount "77"]
[EventDate "2014.12.06"]
[EventType "swiss"]
[EventRounds "9"]
[EventCountry "RUS"]
[SourceTitle "CBM 164 Extra"]
[Source "ChessBase"]
[SourceDate "2015.03.02"]
[SourceVersion "1"]
[SourceVersionDate "2015.03.02"]
[SourceQuality "1"]

1. e4 e5 2. Nf3 Nc6 3. d4 d6 4. dxe5 Nxe5 5. Nxe5 dxe5 6. Qxd8+ Kxd8 7. Bc4 f6 8. Be3 c6 9. a4 b6 10. Nc3 Kc7 11. 0-0 Bb4 12. Ne2 Nh6 13. h3 Rd8 14. c3 Bc5 15. Bxc5 bxc5 16. Rfd1 Bd7 17. Nc1 Be8 18. Nd3 Rab8 19. Nxc5 Rxd1+ 20. Rxd1 Rxb2 21. Ne6+ Kb6 22. Rd8 Rb1+ 23. Kh2 Ka5 24. Rxe8 Kxa4 25. Ra8 Ka5 26. Rxa7+ Kb6 27. Ra6+ Kb7 28. Nc5+ Kb8 29. Rxc6 Rc1 30. Bd5 Ra1 31. Nd7+ Kb7 32. c4 Ra5 33. Rc5+ Ka6 34. Rxa5+ Kxa5 35. c5 f5 36. f3 fxe4 37. fxe4 g5 38. c6 g4 39. c7 1-0

[Event "Saratov Regional-ch"]
[Site "Saratov"]
[Date "2014.12.12"]
[Round "7"]
[White "Vdovin, Sergey Anatolievich"]
[Black "Gagarkine, Nikolay"]
[Result "1/2-1/2"]
[WhiteElo "1792"]
[BlackElo "1838"]
[PlyCount "229"]
[EventDate "2014.12.06"]
[EventType "swiss"]
[EventRounds "9"]
[EventCountry "RUS"]
[SourceTitle "CBM 164 Extra"]
[Source "ChessBase"]
[SourceDate "2015.03.02"]
[SourceVersion "1"]
[SourceVersionDate "2015.03.02"]
[SourceQuality "1"]

1. d4 d5 2. Nc3 Bf5 3. Bf4 c6 4. f3 Qb6 5. Rb1 Nf6 6. g4 Bc8 7. e3 e6 8. Bd3 Bb4 9. Nge2 h6 10. h4 Nbd7 11. a3 Be7 12. Kf2 Qd8 13. Ng3 Nf8 14. Be5 Bd6 15. g5 Bxe5 16. dxe5 N6d7 17. f4 Qe7 18. Nh5 f5 19. Ng3 b6 20. Qe2 Bb7 21. Ba6 0-0-0 22. b4 Nb8 23. Bxb7+ Kxb7 24. Na4 hxg5 25. hxg5 Rxh1 26. Rxh1 d4 27. Rb1 Ng6 28. Nb2 dxe3+ 29. Qxe3 Rh8 30. Rh1 Rxh1 31. Nxh1 Qd8 32. Qd3 Qh8 33. Qf3 Qh2+ 34. Ke3 Qxc2 35. Nd3 Ne7 36. Qe2 Nd5+ 37. Kf3 Qc3 38. g6 Qxa3 39. Qd2 Nd7 40. Ng3 c5 41. Kf2 c4 42. Nxf5 cxd3 43. Nxg7 Nf8 44. Nxe6 Nxg6 45. Kf3 Nge7 46. Nd4 Nxb4 47. f5 Ned5 48. f6 Nc2 49. Ne6 Nc7 50. Ng7 Qc5 51. Qf4 Nd4+ 52. Kg4 d2 53. Qxd2 Qxe5 54. Qf4 Qe2+ 55. Kg3 Nce6 56. Nxe6 Nxe6 57. Qf5 Qe1+ 58. Kg4 Qd1+ 59. Kh4 Qd6 60. Kh5 Nd8 61. Qe4+ Kc7 62. Kg6 a5 63. Qc4+ Kb7 64. Qe4+ Ka6 65. Qe7 Qd3+ 66. Kg7 a4 67. Qb4 Qb3 68. Qe7 Ne6+ 69. Kg8 Ng5+ 70. Kf8 a3 71. Qd7 Qb4+ 72. Kg7 Qc5 73. Qe8 Ka5 74. Qe1+ Ka6 75. Qe8 b5 76. Kg6 Ka5 77. Qe1+ b4 78. Qd2 Ne6 79. f7 Nf8+ 80. Kg7 Ka4 81. Qd3 Ka5 82. Qd8+ Ka4 83. Qxf8 Qe5+ 84. Kg6 Qg3+ 85. Kf6 Qf2+ 86. Kg7 Qg1+ 87. Kh8 Qh2+ 88. Kg8 Qg3+ 89. Kh7 Qd3+ 90. Kg8 Qd5 91. Qg7 a2 92. Qb2 b3 93. Kg7 Qg5+ 94. Kh8 Qh6+ 95. Kg8 Qg6+ 96. Kh8 Qh5+ 97. Kg8 Qg4+ 98. Kh8 Qh4+ 99. Kg7 Qe7 100. Kg8 Qe6 101. Kg7 Qd7 102. Kg8 Qd5 103. Kg7 Qg5+ 104. Kh8 Qh4+ 105. Kg8 Qc4 106. Kg7 Qc7 107. Kg8 Qg3+ 108. Kh8 Qh4+ 109. Kg8 Qc4 110. Kh8 Qxf7 111. Qxa2+ Kb4 112. Qa5+ Kc4 113. Qc3+ Kb5 114. Qc5+ Ka6 115. Qb6+ 1/2-1/2

[Event "Saratov Shestoperov Memorial"]
[Site "Saratov"]
[Date "2014.06.21"]
[Round "6"]
[White "Lysenko, Margarita"]
[Black "Gagarkine, Nikolay"]
[Result "1/2-1/2"]
[WhiteElo "1862"]
[BlackElo "1862"]
[PlyCount "96"]
[EventDate "2014.06.16"]
[EventType "swiss"]
[EventRounds "9"]
[EventCountry "RUS"]
[SourceTitle "CBM 161 Extra"]
[Source "ChessBase"]
[SourceDate "2014.08.29"]
[SourceVersion "1"]
[SourceVersionDate "2014.08.29"]
[SourceQuality "1"]

1. d4 g6 2. c4 f6 3. Nc3 Nh6 4. e4 Nf7 5. Bd3 Bg7 6. Nge2 d6 7. 0-0 e5 8. d5 0-0 9. Ng3 Nd7 10. Rb1 a5 11. a3 Nc5 12. Bc2 a4 13. Nxa4 Nxa4 14. Bxa4 f5 15. exf5 gxf5 16. Bc2 e4 17. f3 exf3 18. Qxf3 Qh4 19. Qf4 Qxf4 20. Bxf4 Be5 21. Bxf5 Bxf5 22. Nxf5 Bxf4 23. Rxf4 Ne5 24. Rbf1 Kh8 25. Rd4 Rf6 26. Ne3 Rg6 27. Rf2 Re8 28. h3 Kg8 29. Ng4 Nxg4 30. Rxg4 Rxg4 31. hxg4 Re4 32. Rc2 Rxg4 33. Kf2 Kf7 34. Kf3 h5 35. b3 Kf6 36. Re2 Rd4 37. Re3 Rd1 38. a4 Rf1+ 39. Ke2 Rb1 40. Kf3 Kf5 41. g3 Rb2 42. a5 Rb1 43. Kg2 Ra1 44. Re7 Rb1 45. Rxc7 Rxb3 46. Rh7 Kg4 47. Rg7+ Kf5 48. Rh7 Kg4 1/2-1/2

[Event "Saratov Shestoperov Memorial"]
[Site "Saratov"]
[Date "2014.06.18"]
[Round "3"]
[White "Gagarkine, Nikolay"]
[Black "Polyakov, Petr"]
[Result "1-0"]
[WhiteElo "1862"]
[BlackElo "1676"]
[PlyCount "97"]
[EventDate "2014.06.16"]
[EventType "swiss"]
[EventRounds "9"]
[EventCountry "RUS"]
[SourceTitle "CBM 161 Extra"]
[Source "ChessBase"]
[SourceDate "2014.08.29"]
[SourceVersion "1"]
[SourceVersionDate "2014.08.29"]
[SourceQuality "1"]

1. d4 d5 2. Nf3 Bg4 3. Bf4 e6 4. c3 Bd6 5. Bxd6 Qxd6 6. Ne5 Bh5 7. g4 Bg6 8. Qb3 b6 9. e3 Ne7 10. Nd2 f6 11. Nxg6 hxg6 12. h3 Nd7 13. Bg2 c5 14. e4 c4 15. Qc2 Kf7 16. 0-0-0 g5 17. Rde1 Ng6 18. e5 fxe5 19. Nf3 e4 20. Nxg5+ Ke7 21. Qd2 Nf4 22. Bf1 Raf8 23. f3 exf3 24. Kb1 Rh6 25. Nxf3 Nxh3 26. Ne5 Nf4 27. Rxh6 gxh6 28. Qh2 Rf6 29. Qh4 b5 30. g5 hxg5 31. Qxg5 Ke8 32. Nxd7 Rg6 33. Nf6+ Kf7 34. Qh4 Rxf6 35. Qh7+ Ke8 36. Qxa7 Qd7 37. Qb8+ Ke7 38. Qe5 Qe8 39. Qc7+ Qd7 40. Qc5+ Kf7 41. a3 Rh6 42. Be2 Nxe2 43. Rxe2 Rf6 44. Rh2 Rg6 45. Qb6 Kg7 46. Qb8 Rh6 47. Rg2+ Rg6 48. Qe5+ Kf7 49. Qh5 1-0

[Event "Saratov Region-ch Seniors"]
[Site "Saratov"]
[Date "2013.11.12"]
[Round "2"]
[White "Gagarkine, Nikolay"]
[Black "Zhizduk, Vladimir"]
[Result "1/2-1/2"]
[WhiteElo "1851"]
[BlackElo "1925"]
[PlyCount "72"]
[EventDate "2013.11.11"]
[EventType "swiss"]
[EventRounds "7"]
[EventCountry "RUS"]
[SourceTitle "EXT 2015"]
[Source "ChessBase"]
[SourceDate "2014.11.20"]
[SourceVersion "1"]
[SourceVersionDate "2014.11.20"]
[SourceQuality "1"]

1. d4 Nf6 2. Nf3 g6 3. g3 Bg7 4. Bg2 0-0 5. 0-0 d5 6. Re1 Nbd7 7. c3 Re8 8. Nbd2 c6 9. e4 dxe4 10. Nxe4 Nxe4 11. Rxe4 Nf6 12. Re1 Bg4 13. Qb3 Qb6 14. Ng5 Qxb3 15. axb3 h6 16. Ne4 Nxe4 17. Rxe4 Be6 18. b4 Bd5 19. Re1 Bxg2 20. Kxg2 a6 21. Bf4 Rad8 22. Bc7 Rd7 23. Bf4 g5 24. Be3 e5 25. dxe5 Rxe5 26. Rad1 Rdd5 27. Rxd5 Rxd5 28. Bc5 Rd2 29. Re8+ Kh7 30. Re7 Kg6 31. Rxb7 Rxb2 32. Rb6 Bxc3 33. Rxc6+ Kh7 34. Rxa6 Bxb4 35. Bd4 Rd2 36. Be3 Rd6 1/2-1/2

[Event "Saratov-ch"]
[Site "Saratov"]
[Date "2013.03.04"]
[Round "7"]
[White "Karpenko, Artem"]
[Black "Gagarkine, Nikolay"]
[Result "1-0"]
[WhiteElo "2004"]
[BlackElo "1934"]
[PlyCount "46"]
[EventDate "2013.02.25"]
[EventType "swiss"]
[EventRounds "9"]
[EventCountry "RUS"]
[SourceTitle "CBM 153 Extra"]
[Source "ChessBase"]
[SourceDate "2013.04.22"]
[SourceVersion "1"]
[SourceVersionDate "2013.04.22"]
[SourceQuality "1"]

1. e4 d5 2. exd5 Qxd5 3. Nc3 Qa5 4. Nf3 c6 5. d4 e6 6. Bd3 Bd6 7. 0-0 Qc7 8. Ne4 Bf4 9. Bxf4 Qxf4 10. Ne5 Nf6 11. g3 Qh6 12. Nd6+ Ke7 13. Ndxf7 Qh3 14. Nxh8 Nbd7 15. Nhf7 h6 16. f3 b6 17. Ng6+ Kxf7 18. Nf4 Qf5 19. Bxf5 exf5 20. Qe2 Nf8 21. Rfe1 Bd7 22. Qc4+ Nd5 23. Nxd5 cxd5 1-0

[Event "Saratov-ch"]
[Site "Saratov"]
[Date "2013.03.01"]
[Round "5"]
[White "Gagarkine, Nikolay"]
[Black "Protopopova, Anastasiya"]
[Result "1-0"]
[WhiteElo "1934"]
[BlackElo "1897"]
[PlyCount "145"]
[EventDate "2013.02.25"]
[EventType "swiss"]
[EventRounds "9"]
[EventCountry "RUS"]
[SourceTitle "CBM 153 Extra"]
[Source "ChessBase"]
[SourceDate "2013.04.22"]
[SourceVersion "1"]
[SourceVersionDate "2013.04.22"]
[SourceQuality "1"]

1. g3 d5 2. f3 e5 3. Bg2 Nf6 4. d3 Bd6 5. Nh3 0-0 6. 0-0 d4 7. e4 dxe3 8. Bxe3 Nd5 9. Bd2 Bc5+ 10. Nf2 Ne3 11. Bxe3 Bxe3 12. Qe2 Bd4 13. c3 Bb6 14. a4 Nc6 15. Nd2 Bf5 16. Nde4 Qe7 17. b4 a6 18. Kh1 Rad8 19. Rfd1 Qe6 20. Nc5 Bxc5 21. bxc5 Qd5 22. Qe3 Na5 23. Rab1 Bd7 24. f4 exf4 25. gxf4 Qh5 26. Rg1 Rfe8 27. Qg3 Qg6 28. Qxg6 hxg6 29. Rge1 Bxa4 30. Rxe8+ Bxe8 31. d4 Bb5 32. Kg1 Re8 33. Ng4 c6 34. Kf2 Re2+ 35. Kg1 Kf8 36. Ne5 Rc2 37. d5 cxd5 38. Bxd5 Rxc3 39. Bxf7 Rxc5 40. Bxg6 Nc4 41. Nf3 Rc7 42. Bh5 Rd7 43. Ng5 Bc6 44. Re1 Nd6 45. Bg6 Bd5 46. h4 Bf7 47. h5 Bxg6 48. hxg6 Re7 49. Rd1 Nb5 50. Kf2 Ke8 51. Kf3 Nc7 52. f5 b5 53. Ne4 Kf8 54. Rh1 Rd7 55. Kf4 Ne8 56. Ra1 Ra7 57. Nc5 Nc7 58. Re1 Nd5+ 59. Kg5 Nf6 60. Ne6+ Kg8 61. Rc1 Re7 62. Rc8+ Ne8 63. Ra8 Rxe6 64. fxe6 Kf8 65. Rxa6 Nc7 66. Rc6 Ne8 67. Kf5 Ke7 68. Ke5 b4 69. Rb6 Nf6 70. Rb7+ Kf8 71. Rf7+ Ke8 72. Rxf6 gxf6+ 73. Kxf6 1-0

[Event "Saratov Winter Cup"]
[Site "Saratov"]
[Date "2013.01.18"]
[Round "7"]
[White "Gagarkine, Nikolay"]
[Black "Protopopova, Anastasiya"]
[Result "0-1"]
[WhiteElo "1933"]
[BlackElo "1856"]
[PlyCount "94"]
[EventDate "2013.01.12"]
[EventType "swiss"]
[EventRounds "9"]
[EventCountry "RUS"]
[SourceTitle "CBM 152 Extra"]
[Source "ChessBase"]
[SourceDate "2013.02.25"]
[SourceVersion "1"]
[SourceVersionDate "2013.02.25"]
[SourceQuality "1"]

1. d4 Nf6 2. Nf3 e6 3. g3 d5 4. Bg2 b5 5. 0-0 Be7 6. a4 b4 7. Nbd2 0-0 8. c4 bxc3 9. bxc3 Ba6 10. Ne5 c5 11. Re1 Qc7 12. Ba3 Nbd7 13. Nxd7 Nxd7 14. e4 dxe4 15. Nxe4 Rac8 16. h4 Rfe8 17. Qf3 Bb7 18. Nf6+ Bxf6 19. Qxb7 Qxb7 20. Bxb7 Rc7 21. Bg2 cxd4 22. cxd4 Bxd4 23. Rad1 Bb6 24. Re2 Nc5 25. Rc2 Rec8 26. Rc4 h5 27. Bf3 g6 28. g4 hxg4 29. Bxg4 f5 30. Bf3 Ne4 31. Rxc7 Rxc7 32. Rd8+ Kg7 33. Bb2+ Kf7 34. Bd4 Rc1+ 35. Kg2 Bxd8 36. Bxa7 Ra1 37. h5 Rxa4 38. Be3 gxh5 39. Bxh5+ Kg7 40. Bd1 Rb4 41. f3 Nf6 42. Bc5 Rb2+ 43. Kf1 Bb6 44. Ba3 Ra2 45. Bb4 Nd5 46. Bd6 Ne3+ 47. Ke1 Ba5+ 0-1

[Event "Saratov Winter Cup"]
[Site "Saratov"]
[Date "2013.01.12"]
[Round "1"]
[White "Sayapin, Dmitry"]
[Black "Gagarkine, Nikolay"]
[Result "0-1"]
[WhiteElo "1675"]
[BlackElo "1933"]
[PlyCount "80"]
[EventDate "2013.01.12"]
[EventType "swiss"]
[EventRounds "9"]
[EventCountry "RUS"]
[SourceTitle "CBM 152 Extra"]
[Source "ChessBase"]
[SourceDate "2013.02.25"]
[SourceVersion "1"]
[SourceVersionDate "2013.02.25"]
[SourceQuality "1"]

1. e4 d5 2. exd5 Qxd5 3. Nc3 Qa5 4. Nf3 c6 5. Be2 Nf6 6. 0-0 e6 7. d4 Be7 8. Bf4 Qb6 9. Rb1 Nd5 10. Nxd5 cxd5 11. c3 Nd7 12. Bd3 Bd6 13. Bg3 Bxg3 14. fxg3 Nf6 15. Kh1 Bd7 16. Qe2 a6 17. b3 Rc8 18. Rbc1 Bc6 19. Ng5 Rc7 20. Rce1 Bd7 21. Rc1 h6 22. Nf3 Qd6 23. Ne5 Bc6 24. Rce1 Re7 25. Qd1 Bb5 26. Bxb5+ axb5 27. Qf3 Qc7 28. Qd3 Qb6 29. Re3 Qa6 30. Ref3 Qb6 31. c4 bxc4 32. bxc4 Qa6 33. Qb3 dxc4 34. Nxc4 0-0 35. Ne5 Ra8 36. Qb4 Nd5 37. Qc5 Rc7 38. Rxf7 Rxc5 39. dxc5 Nf6 40. Rc7 Qxf1# 0-1

[Event "Saratov op 07"]
[Site "Saratov"]
[Date "2012.07.11"]
[Round "8"]
[White "Gagarkine, Nikolay"]
[Black "Karpenko, Artem"]
[Result "1-0"]
[WhiteElo "1929"]
[BlackElo "1950"]
[PlyCount "72"]
[EventDate "2012.07.02"]
[EventType "swiss"]
[EventRounds "9"]
[EventCountry "RUS"]
[SourceTitle "CBM 149 Extra"]
[Source "ChessBase"]
[SourceDate "2012.08.24"]
[SourceVersion "1"]
[SourceVersionDate "2012.08.24"]
[SourceQuality "1"]

1. g3 d5 2. Bg2 Nf6 3. d4 e6 4. Nf3 c5 5. c3 Nc6 6. 0-0 Be7 7. Ne5 0-0 8. Nd2 cxd4 9. Nxc6 bxc6 10. cxd4 c5 11. dxc5 Bxc5 12. Nb3 Bb6 13. Bg5 Bb7 14. a4 a6 15. Rc1 h6 16. Bf4 Rc8 17. Qd2 Qe7 18. a5 Ba7 19. Be5 Rxc1 20. Rxc1 Rc8 21. Rxc8+ Bxc8 22. Qc3 Bb7 23. Bd4 Bxd4 24. Qxd4 Ne8 25. Qb6 Qc7 26. Nc5 Bc8 27. e3 Kf8 28. Bf1 Ke7 29. b4 Kd8 30. f4 g6 31. h4 h5 32. Kf2 Ke7 33. Be2 Kd8 34. g4 hxg4 35. Kg3 Qxb6 36. axb6 Nd6 1-0